Góry Bystrzyckie, Góry Orlickie

Titel: Góry Bystrzyckie, Góry Orlickie : mapa aktualizowana w terenie / redakcja: Anna Dębska ; tekst: Dariusz Wojciechowski ; kartografia: D. Wojciechowski, M. Zięba-Witkowicz, M. Sibielec, G. Zwoliński
Beteiligt: ; ; ; ;
Ausgabe: Wydanie IX 2019
Maßstab: circa 1:10 000-1:40 000
Veröffentlicht: Wrocław : Studio Plan, 2019
Umfang: 5 Karten auf 1 Blatt : beidseitig, farbig ; Blatt 98 x 67 cm, gefaltet 24 x 13 cm
Format: Karte
Sprache: Polnisch; Tschechisch
Schlagworte:
ISBN: 9788366152380 ; 8366152383
Buchumschlag
X
alg: 50622043
001A    $03004:22-03-23 
001B    $01999:22-03-23 $t22:55:20.000 
001D    $03004:22-03-23 
001U    $0utf8 
001X    $00 
002@    $0Kau 
002C    $akartografisches Bild $bcri $2rdacontent 
002D    $aohne Hilfsmittel zu benutzen $bn $2rdamedia 
002E    $aBlatt $bnb $2rdacarrier 
003@    $0506220435 
003O    $01373777677 $aOCoLC 
004A    $A978-83-66152-38-0 
004A    $083-66152-38-3 
006C    $01150596486 $aOCoLC 
007A    $0506220435 $aHEB 
010@    $apol $acze 
010E    $erda 
011@    $a2019 $n2019 
013D    $RGrafische Darstellung $#Cartes $#Maps $#Plans $#Amtliche Karte Formschlagwort $#Landkarte $#Wandkarte Formschlagwort $#Wanderkarte Formschlagwort $#Straßenkarte Formschlagwort $#Weltkarte Formschlagwort $#Karten $#Landkarten $#Kartenmaterial $#Geografische Karte $74029783-4 $8Karte [Tsz] $9085078743 
013D    $RKarte $#Ortsplan $#Stadtatlas $#Stadtpläne $74129845-7 $8Stadtplan [Ts1] $9085456683 
021A    $aGóry Bystrzyckie, Góry Orlickie $dmapa aktualizowana w terenie $hredakcja: Anna Dębska ; tekst: Dariusz Wojciechowski ; kartografia: D. Wojciechowski, M. Zięba-Witkowicz, M. Sibielec, G. Zwoliński 
028C    $BMitwirkender $4ctb $8Dębska, Anna [Tnu] $9477061451 
028C    $BKartograf $4ctg $71108794300 $8Sibielec, Monika [Tp3] $9385180454 
028C    $BVerfasser von ergänzendem Text $4wst $71108792812 $8Wojciechowski, Dariusz [Tp3] $9385179243 
028C    $BKartograf $4ctg $8Zięba-Witkowicz, Marta [Tnu] $9505932555 
028C    $BKartograf $4ctg $7 $8Zwoliński, Grzegorz [Tnu] $9235665436 
032@    $aWydanie IX 2019 
033A    $pWrocław $nStudio Plan 
034D    $a5 Karten auf 1 Blatt 
034I    $aBlatt 98 x 67 cm, gefaltet 24 x 13 cm 
034M    $abeidseitig, farbig 
035E    $acirca 1:10 000-1:40 000 
037A    $aNr katalogowy 02-19-368 
037A    $aMit touristischen Informationen und Illustrationen 
039C    $aEnthält $t[Karte] Góry Bystrzyckie i Orlickie, 1:40 000, 98 x 67 cm 
039C    $aEnthält $t[Karte] Bystrzyca Kłodzka, circa 1:10 000, 18 x 12 cm 
039C    $aEnthält $t[Karte] Duszniki-Zdrój, circa 1:10 700, 18 x 12 cm 
039C    $aEnthält $t[Karte] Polanica-Zdrój, circa 1:12 000, 18 x 12 cm 
039C    $aEnthält $t[Karte] Miedzylęsie, circa 1:10 700, 18 x 12 cm 
044K    $RMittelsudeten $#Góry Bystrzyckie $74341161-7 $8Habelschwerdter Gebirge [Tg1] $9088157660 
044K    $RSudeten $#Orlické hory $#Góry Orlickie $#Mensegebirge $#Erlitzgebirge $#Grunwalder Gebirge $74000507-0 $8Adlergebirge [Tg1] $908499178X 
044K    $RHabelschwerdt $#Habelschwerdt $75094184-7 $8Bystrzyca Kłodzka [Tg1] $9045064997 
044K    $RReinerz $#Duszniki-Zdrój $#Duezniki-Zdroj $#Reinerz Duszniki Zdrój $#Bad Reinerz Duszniki Zdrój $74103654-2 $8Duszniki Zdrój [Tg1] $9085303801 
044K    $RBad Altheide $RPowiat Kłodzki $RWoiwodschaft Niederschlesien $#Bad Altheide $#Starý Bor $72066401-1 $8Polanica-Zdrój [Tg1] $9043124577 
044K    $RPowiat Kłodzki $#Mittelwalde $#Mittelwalde i. Schlesien $74386032-1 $8Mie̜dzylesie [Tg1] $9088431606 
044K    $RReise $RTourismusforschung $RReiseverkehr $#Tourism $#Tourisme $#tourism $#Tourismus $#Tourismus $#Touristik Fremdenverkehr $#Fremdenverkehr $74018406-7 $8Tourismus [Ts1] $9085043508 
044K    $RWandern $RBergsteigen $#Hiking $#Randonnée pédestre $#Gebirgswandern $74120998-9 $8Bergwandern [Ts1] $908538917X 
045F    $a910.9438090512 $eDDC23BSB 
045F/01 $a910 
045F/03 $f090512 
045F/03 $g438 
046L    $aText Polnisch, Karteninhalt und Legende Polnisch und Tschechisch 

lok: 50622043 24

exp: 50622043 24 1 #EPN
201B/01 $022-03-23 $t17:33:12.000 
201C/01 $022-03-23 
201U/01 $0utf8 
203@/01 $01229813403 
208@/01 $a22-03-23 $bz 
209A/01 $aK 31 II B 16 $dd $f050 $hK 31 II B 16 $x00 
209C/01 $aK 2023.00078 K $h23 00078 K 
220C/01 $awei 
247C/01 $8358050-7 Marburg, Bibliothek des Herder-Instituts Marburg $9102600961
LEADER 00000cem a2200000 c 4500
001 506220435
003 DE-603
005 20230322225520.0
007 a|||||||
008 230322s2019 xx |||||| a || | ||pol c
020 |a 9788366152380 
020 |a 8366152383 
035 |a (DE-599)HEB506220435 
035 |a (OCoLC)1373777677 
040 |a DE-603  |b ger  |c DE-603  |d DE-603  |e rda 
041 |a pol  |a cze 
082 0 4 |8 1\u  |a 910.9438090512  |q DE-101  |2 23/BSB 
085 |8 1\u  |b 910 
085 |8 1\u  |z 1  |s 090512 
085 |8 1\u  |z 2  |s 438 
245 0 0 |a Góry Bystrzyckie, Góry Orlickie  |b mapa aktualizowana w terenie  |c redakcja: Anna Dębska ; tekst: Dariusz Wojciechowski ; kartografia: D. Wojciechowski, M. Zięba-Witkowicz, M. Sibielec, G. Zwoliński 
250 |a Wydanie IX 2019 
255 |a circa 1:10 000-1:40 000 
264 1 |a Wrocław  |b Studio Plan  |c 2019 
300 |a 5 Karten auf 1 Blatt  |b beidseitig, farbig  |c Blatt 98 x 67 cm, gefaltet 24 x 13 cm 
336 |a kartografisches Bild  |b cri  |2 rdacontent 
337 |a ohne Hilfsmittel zu benutzen  |b n  |2 rdamedia 
338 |a Blatt  |b nb  |2 rdacarrier 
500 |a Nr katalogowy 02-19-368 
500 |a Mit touristischen Informationen und Illustrationen 
546 |a Text Polnisch, Karteninhalt und Legende Polnisch und Tschechisch 
650 7 |a Tourismus  |0 (DE-588)4018406-7  |0 (DE-603)085043508  |2 gnd 
650 7 |a Bergwandern  |0 (DE-588)4120998-9  |0 (DE-603)08538917X  |2 gnd 
651 7 |a Habelschwerdter Gebirge  |0 (DE-588)4341161-7  |0 (DE-603)088157660  |2 gnd 
651 7 |a Adlergebirge  |0 (DE-588)4000507-0  |0 (DE-603)08499178X  |2 gnd 
651 7 |a Bystrzyca Kłodzka  |0 (DE-588)5094184-7  |0 (DE-603)045064997  |2 gnd 
651 7 |a Duszniki Zdrój  |0 (DE-588)4103654-2  |0 (DE-603)085303801  |2 gnd 
651 7 |a Polanica-Zdrój  |0 (DE-588)2066401-1  |0 (DE-603)043124577  |2 gnd 
651 7 |a Mie̜dzylesie  |0 (DE-588)4386032-1  |0 (DE-603)088431606  |2 gnd 
655 7 |a Karte  |2 gnd-content  |0 (DE-588)4029783-4  |0 (DE-603)085078743 
655 7 |a Stadtplan  |2 gnd-content  |0 (DE-588)4129845-7  |0 (DE-603)085456683 
700 1 |a Dębska, Anna  |e Mitwirkender  |4 ctb  |0 (DE-603)477061451 
700 1 |a Sibielec, Monika  |e Kartograf  |4 ctg  |0 (DE-603)385180454  |0 (DE-588)1108794300  |2 gnd 
700 1 |a Wojciechowski, Dariusz  |e Verfasser von ergänzendem Text  |4 wst  |0 (DE-603)385179243  |0 (DE-588)1108792812  |2 gnd 
700 1 |a Zięba-Witkowicz, Marta  |e Kartograf  |4 ctg  |0 (DE-603)505932555 
700 1 |a Zwoliński, Grzegorz  |e Kartograf  |4 ctg  |0 (DE-603)235665436 
770 0 8 |i Enthält  |t [Karte] Góry Bystrzyckie i Orlickie, 1:40 000, 98 x 67 cm 
770 0 8 |i Enthält  |t [Karte] Bystrzyca Kłodzka, circa 1:10 000, 18 x 12 cm 
770 0 8 |i Enthält  |t [Karte] Duszniki-Zdrój, circa 1:10 700, 18 x 12 cm 
770 0 8 |i Enthält  |t [Karte] Polanica-Zdrój, circa 1:12 000, 18 x 12 cm 
770 0 8 |i Enthält  |t [Karte] Miedzylęsie, circa 1:10 700, 18 x 12 cm 
924 0 |9 Mb 50  |a (DE-603)1229813403  |b DE-Mb50  |c HES  |d d  |g K 31 II B 16